| 000 | 00562nam a2200193 a 4500 | ||
|---|---|---|---|
| 005 | 20220520063747.0 | ||
| 008 | 991125s1993 mx 000 0 spa u | ||
| 020 | _a9684368283 | ||
| 035 | _aUPN01000040836 | ||
| 049 | _aLT | ||
| 050 | 4 |
_aLB1641 M6.1 _bA9.3 |
|
| 100 | 1 | _aAvalos Gil, Héctor | |
| 245 | 1 | 0 |
_aHistoria 1 / _cHéctor Avalos Gil. |
| 260 |
_aMéxico : _bProgreso, _c1993. |
||
| 300 |
_a200 p. : _bil. |
||
| 500 | _a"Según el programa de: modernización educativa" | ||
| 650 | 4 |
_aHistoria _xEstudio y enseñanza (Secundaria) _95248 |
|
| 905 | _aLibro | ||
| 999 |
_c40836 _d40836 |
||